<?xml version="1.0" encoding="UTF-8"?>
<collection xmlns="http://www.loc.gov/MARC21/slim">
 <record>
  <leader>01789nam a2200373   4500</leader>
  <controlfield tag="001">DLU210195553</controlfield>
  <controlfield tag="005">##20210106</controlfield>
  <datafield tag="020" ind1="#" ind2="#">
   <subfield code="a">9786049519079</subfield>
  </datafield>
  <datafield tag="040" ind1="#" ind2="#">
   <subfield code="a">DLU</subfield>
   <subfield code="b">vie</subfield>
  </datafield>
  <datafield tag="041" ind1="#" ind2="#">
   <subfield code="a">vie</subfield>
  </datafield>
  <datafield tag="044" ind1="#" ind2="#">
   <subfield code="a">vn</subfield>
  </datafield>
  <datafield tag="082" ind1="#" ind2="#">
   <subfield code="a">658.872</subfield>
   <subfield code="b">KA-B</subfield>
  </datafield>
  <datafield tag="100" ind1="#" ind2="#">
   <subfield code="a">Kane, Brendan.</subfield>
  </datafield>
  <datafield tag="245" ind1="#" ind2="#">
   <subfield code="a">Cách để đạt 1 triệu follow chỉ trong 30 ngày =</subfield>
   <subfield code="b">One million followers : how I built a massive social following in 30 days /</subfield>
   <subfield code="c">Brendan Kane; Thanh Mai dịch; Phạm Văn Lam hiệu đính.</subfield>
  </datafield>
  <datafield tag="246" ind1="#" ind2="#">
   <subfield code="a">Cách để đạt một triệu follow chỉ trong 30 ngày</subfield>
  </datafield>
  <datafield tag="246" ind1="#" ind2="#">
   <subfield code="a">One million followers :</subfield>
   <subfield code="b">how I built a massive social following in 30 days</subfield>
  </datafield>
  <datafield tag="260" ind1="#" ind2="#">
   <subfield code="a">H. :</subfield>
   <subfield code="b">Hồng Đức,</subfield>
   <subfield code="c">2019.</subfield>
  </datafield>
  <datafield tag="300" ind1="#" ind2="#">
   <subfield code="a">409 tr. ;</subfield>
   <subfield code="c">21 cm.</subfield>
  </datafield>
  <datafield tag="505" ind1="#" ind2="#">
   <subfield code="a">Chương 01. Tôi đã làm thế nào để có 1 triệu người theo dõi -- Chương 02. Lựa chọn đối tượng người xem -- Chương 03. Lựa chọn thông điệp cho công chúng -- Chương 04. Thử nghiệm và điều chỉnh -- Chương 05. Tạo ra nội dung để chia sẻ trên Facebook -- Chương 06. Liên minh chiến lược -- Chương 07. Vươn ra toàn cầu (Một cơ hội) -- Chương 08. Tạo ảnh hưởng trên Instagram -- Chương 09. Những yếu tố thúc đẩy tăng trưởng trên Youtube -- Chương 10. Những thực tế về Snapchat -- Chương 11. Củng cố vị thế.</subfield>
  </datafield>
  <datafield tag="650" ind1="#" ind2="#">
   <subfield code="a">Marketing internet.</subfield>
  </datafield>
  <datafield tag="650" ind1="#" ind2="#">
   <subfield code="a">Truyền thông xã hội.</subfield>
  </datafield>
  <datafield tag="700" ind1="#" ind2="#">
   <subfield code="a">Phạm Văn Lam,</subfield>
   <subfield code="c">TS.</subfield>
   <subfield code="e">hiệu đính.</subfield>
  </datafield>
  <datafield tag="700" ind1="#" ind2="#">
   <subfield code="a">Thanh Mai,</subfield>
   <subfield code="e">dịch.</subfield>
  </datafield>
  <datafield tag="923" ind1="#" ind2="#">
   <subfield code="a">03/2020</subfield>
  </datafield>
  <datafield tag="991" ind1="#" ind2="#">
   <subfield code="a">SH</subfield>
  </datafield>
  <datafield tag="992" ind1="#" ind2="#">
   <subfield code="a">166000</subfield>
  </datafield>
  <datafield tag="994" ind1="#" ind2="#">
   <subfield code="a">DLU</subfield>
  </datafield>
  <datafield tag="900" ind1="#" ind2="#">
   <subfield code="a">True</subfield>
  </datafield>
  <datafield tag="911" ind1="#" ind2="#">
   <subfield code="a">Nguyễn Thanh Hương</subfield>
  </datafield>
  <datafield tag="925" ind1="#" ind2="#">
   <subfield code="a">G</subfield>
  </datafield>
  <datafield tag="926" ind1="#" ind2="#">
   <subfield code="a">A</subfield>
  </datafield>
  <datafield tag="927" ind1="#" ind2="#">
   <subfield code="a">SH</subfield>
  </datafield>
  <datafield tag="980" ind1="#" ind2="#">
   <subfield code="a">Thư viện Trường Đại học Đà Lạt</subfield>
  </datafield>
 </record>
</collection>
